000 00455nam a2200181Ia 4500
008 100917s9999 xx 000 0 und d
082 _b46757
100 _aElfrida Vipont
245 _aThe Lark In The Morn
260 _bOxford University
_c1973
300 _a151
365 _b0
520 _aबालविभाग
630 _aThe Lark In The Morn
650 _aबालविभाग
730 _aThe Lark In The Morn
942 _cBOOK
999 _c652151
_d652148